00912nam a2200229 a 4500001001000000003000500010005001700015008004100032010001100073011001100084040000900095100004000104245015700144260004200301500006000343502010500403650002200508650001400530650003800544700003000582856007000612000111197CHAP20220329144202.0150115s2014 mx a fsm |||||||spa d a107659 a108631 cCHAP1 aGutiérrez Gutiérrez, Josué J.13aLa actividad del tlapatlalo en el mercado municipal de San Sebastiánh[En línea]cpor Josué J. Gutiérrez Gutiérrez y Fernando Guzmán Correo. aZinacatepec, Pue. :bEl autor,c2014. aPara ver el contenido del material haga clic en la liga aTesis (Ing. Agr. Esp. en Zonas Tropicales) -- UACH. Dirección de Centros Regionales Universitarios14aMercadosxPuebla.14aNegocios.14aPueblaxCondiciones económicas.1 aGuzmán Correo, Fernando aFinding aiduhttp://10.13.5.2/tesis/sist111197.pdfzTeclea aquí